Funkcjonowanie transgranicznego systemu dochodzenia roszczeń przez ofiary wypadków drogowych na przykładzie Polski

Gespeichert in:
Bibliographische Detailangaben
1. Verfasser: Maśniak, Dorota
Format: Buchkapitel
Sprache:Polnisch
Schlagworte:
Tags: Tag hinzufügen
Keine Tags, Fügen Sie das erste Tag hinzu!

MARC

LEADER 00000nla$a2200000$$$4500
001 0077831
005 20221128083916.2
041 0 |a pol 
044 |a SK 
245 1 0 |a Funkcjonowanie transgranicznego systemu dochodzenia roszczeń przez ofiary wypadków drogowych na przykładzie Polski  |c Dorota Maśniak 
610 2 0 |a bezpečnosť 
610 2 0 |a Poľsko 
610 2 0 |a poistenie 
610 2 0 |a nehody dopravné 
100 1 |a Maśniak, Dorota